Statistiken für Ereignisse der Geschichte

Klicken Sie hier um das Quiz zu spielen!

Allgemein

  • Dieses Quiz wurde 1,359 mal gespielt
  • Das Durchschnittsergebnis liegt bei 14 aus 24

Antwortstatistiken

Datum Jahr Ereignis % Korrekt
9. Nov.1989Fall der {Berliner} {Mauer}
92%
1. Sep.1939Deutscher Überfall auf {Polen}
89%
20. Juli1969Die Menschheit erreicht den {Mond}
88%
?79Pompeji zerstört durch den Ausbruch des {Vesuvs}
85%
28. Juni1919Friedensvertrag von {Versailles}
79%
22. Nov.1963{John} {F}. {Kennedy} ermordet
78%
15. Mär.44 v. Chr.{Julius} {Caesar} ermordet
78%
7. Dez.1941Die Japaner attackieren {Pearl} {Harbor}
77%
15. Apr.1912Untergang der {Titanic}
75%
2. Mai2011{Osama} {Bin} {Laden} in Pakistan getötet
71%
23. Mai1618Der Dreißigjährige Krieg beginnt mit dem Fenstersturz von {Prag}
70%
26. Dez.2004{Tsunami} tötet 230'000 Menschen
63%
29. Aug.2005Hurrikan {Katrina} trifft New Orleans
61%
18. Juni1815Schlacht bei {Waterloo}
57%
17. Apr.1961Invasion in der {Schweine}bucht beginnt
57%
15. Aug.1965{Die} {Beatles} spielen im Shea Stadium
50%
20. Mai1498{Vasco} {da} {Gama} erreicht Indien, in dem er um Afrika segelte
45%
-1967Summer of Love in {San} {Francisco}
36%
29. Mai1453Fall von {Konstantinopel}
27%
14. Okt.1066Schlacht bei {Hastings}
26%
4. Juni1989{Tiananmen} - Massaker
20%
1. Juli1863Schlacht um {Gettysburg} beginnt
16%
1. Jan.1804Unabhängigkeitserklärung von {Haiti}, es folgt ein Sklavenaufstand
14%
26. Juni1876{Custers} letzte Schlacht
8%

Verteilung der Resultate

Perzentil nach korrekt beantworteten Fragen

Anzahl Personen mit jedem Resultat

Ihre Resultats-Entwicklung

Sie haben dieses Quiz noch nicht gespielt